[Event "Zagreb Damjanovic Memorial 2nd"]
[Site "Zagreb"]
[Date "2018.07.17"]
[Round "2"]
[White "Ivanovic, Zeljko"]
[Black "Bender, Ivan"]
[Result "0-1"]
[WhiteElo "2002"]
[BlackElo "2285"]
[PlyCount "46"]
[EventDate "2018.07.16"]
[EventType "swiss"]
[EventRounds "9"]
[EventCountry "CRO"]
[SourceTitle "EXT 2019"]
[Source "ChessBase"]
[SourceDate "2018.10.10"]
[SourceVersion "1"]
[SourceVersionDate "2018.10.10"]
[SourceQuality "1"]

1. e4 c6 2. Nc3 d5 3. Qf3 dxe4 4. Nxe4 Nd7 5. d4 Ndf6 6. Nxf6+ Nxf6 7. c3 g6 8. Bd3 Bg7 9. Ne2 0-0 10. h3 a5 11. 0-0 a4 12. Bf4 Qd5 13. Qxd5 Nxd5 14. Bd2 Rd8 15. Be3 e5 16. Rad1 Be6 17. a3 Nxe3 18. fxe3 Bb3 19. Rc1 Bh6 20. Rf3 e4 21. Bxe4 Re8 22. Ng3 f5 23. Bxf5 Bxe3+ 0-1

[Event "BdF-Diamant 07 email"]
[Site "GER email"]
[Date "2016.06.26"]
[Round "?"]
[White "Bartsch, Andreas"]
[Black "Ivanovic, Zeljko"]
[Result "1/2-1/2"]
[WhiteElo "2252"]
[BlackElo "2306"]
[PlyCount "49"]
[EventDate "2016.??.??"]
[EventType "tourn (corr)"]
[EventRounds "15"]
[EventCountry "GER"]
[SourceTitle "Corr 2017"]
[Source "ChessBase"]
[SourceDate "2017.09.19"]
[SourceVersion "1"]
[SourceVersionDate "2017.09.19"]
[SourceQuality "1"]

1. e4 e5 2. Nf3 Nc6 3. Bb5 a6 4. Ba4 Nf6 5. 0-0 Be7 6. Re1 b5 7. Bb3 0-0 8. a4 b4 9. d3 Bc5 10. c3 Ba7 11. cxb4 d6 12. Bd2 Bg4 13. h3 Bxf3 14. Qxf3 Rb8 15. b5 axb5 16. axb5 Rxb5 17. Qd1 Rb7 18. Bc3 Bc5 19. Nd2 Nd4 20. Bc4 Qb8 21. Ra6 Rb6 22. Ra5 c6 23. Nf3 Nd7 24. Ra2 Qb7 25. Bxd4 1/2-1/2

[Event "BdF-Diamant 07 email"]
[Site "GER email"]
[Date "2016.06.26"]
[Round "?"]
[White "Koch, Hans Georg"]
[Black "Ivanovic, Zeljko"]
[Result "1/2-1/2"]
[WhiteElo "2292"]
[BlackElo "2306"]
[PlyCount "69"]
[EventDate "2016.??.??"]
[EventType "tourn (corr)"]
[EventRounds "15"]
[EventCountry "GER"]
[SourceTitle "Corr 2017"]
[Source "ChessBase"]
[SourceDate "2017.09.19"]
[SourceVersion "1"]
[SourceVersionDate "2017.09.19"]
[SourceQuality "1"]

1. Nf3 Nf6 2. c4 g6 3. d4 Bg7 4. Nc3 d5 5. cxd5 Nxd5 6. e4 Nxc3 7. bxc3 c5 8. Rb1 0-0 9. Be2 b6 10. 0-0 Bb7 11. Qd3 Qc7 12. d5 Nd7 13. c4 e6 14. Bb2 Bxb2 15. Rxb2 Rfe8 16. a4 Rad8 17. Rd1 exd5 18. exd5 Nf6 19. Bf1 Bc8 20. Ra1 Bf5 21. Qa3 a5 22. h3 Rb8 23. Rb3 Qd6 24. Qb2 h6 25. Raa3 Re7 26. Re3 Rbe8 27. Rxe7 Rxe7 28. Qc1 g5 29. Bd3 Bxd3 30. Rxd3 Re4 31. Nd2 Re2 32. Qd1 Qe7 33. Kf1 Re5 34. Nf3 Re4 35. Nd2 1/2-1/2

[Event "BdF-Diamant 07 email"]
[Site "GER email"]
[Date "2016.06.26"]
[Round "?"]
[White "Vecek, Marjan"]
[Black "Ivanovic, Zeljko"]
[Result "1-0"]
[WhiteElo "2320"]
[BlackElo "2306"]
[PlyCount "89"]
[EventDate "2016.??.??"]
[EventType "tourn (corr)"]
[EventRounds "15"]
[EventCountry "GER"]
[SourceTitle "Corr 2017"]
[Source "ChessBase"]
[SourceDate "2017.09.19"]
[SourceVersion "1"]
[SourceVersionDate "2017.09.19"]
[SourceQuality "1"]

1. c4 Nf6 2. g3 g6 3. Bg2 Bg7 4. d4 d5 5. cxd5 Nxd5 6. Nc3 Nxc3 7. bxc3 c5 8. Nf3 0-0 9. 0-0 Nc6 10. d5 Na5 11. Bf4 Bf5 12. Rc1 Be4 13. c4 Bb2 14. Bh3 Bxc1 15. Qxc1 Bxf3 16. exf3 b6 17. Re1 Nb7 18. Bh6 Nd6 19. Qc3 f6 20. Be6+ Kh8 21. h4 Qe8 22. Kg2 Rd8 23. Bxf8 Qxf8 24. Qc2 Qe8 25. g4 Rb8 26. Rb1 Rb7 27. a4 a6 28. Ra1 Qf8 29. a5 Kg7 30. axb6 Rxb6 31. h5 Qb8 32. hxg6 Rb2 33. Qc1 hxg6 34. g5 Rb3 35. Rxa6 fxg5 36. Qa1+ Kh6 37. Rxd6 exd6 38. Qf6 Rb7 39. Bf7 Rxf7 40. Qxf7 Qd8 41. Kg3 Qh8 42. Qe7 Qa1 43. Kg2 g4 44. fxg4 Qd4 45. Qe3+ 1-0